00726 2200241 4500001002100000005001700021008004100038035002400079082001200103090002300115100001300138245010200151260002900253300003600282500005700318500002800375650001600403850002100419980001400440985000600454986000900460999001500469YOGYA-0209000004304120090227025927.0 ind  0010-020900000043041 a332.041 a332.041bSum AlSK aSUMANTRI aAnalisa penggunaan modal kerja pada perusahaan daerah percetakan negeri Yogyakartacoleh Sumantri aYogyakartab[S.n.]c1995 ax, 100 [18] lembarbilusc29 cm aSkripsi Fak. Ekonomi Univ. Proklamasi '45 Yogyakarta aBibliografi : lembar xi aModal kerja aYOPDYOG [TRM 29] a27-8-2007 a1 aRuni a07A0025999